000
00345nam a2200133Ia 4500
008
151001s9999||||xx |||||||||||||| ||und||
100
_a
मुक्ता केणेकर
245
_a
वारसा
250
_a
1
260
_b
विजय प्रकाशन नागपूर
260
_c
1980
300
_a
214
365
_b
18
999
_c
960914
_d
960911